| 000 | 00530nam a2200205Ia 4500 | ||
|---|---|---|---|
| 003 | 0100 | ||
| 008 | 130307s9999 xx 000 0 und d | ||
| 040 | _cARRUPELIB | ||
| 050 | _aPN81.G8 1966 | ||
| 100 | _aGuerin, Wilfred L. ...et al. | ||
| 245 | 2 | _aA handbook of critical approaches to literature | |
| 260 | _aNew York | ||
| 260 | _bHarper & Row | ||
| 260 | _c1966 | ||
| 300 | _a238p. | ||
| 300 | _b23 cm. | ||
| 650 | _bDifferrential equations --outlines | ||
| 650 | _cDifferential equations-- problems | ||
| 942 | 0 | 0 | _01 |
| 999 |
_c102033 _d102033 |
||